| 000 | 00581nam 22001933 4500 | ||
|---|---|---|---|
| 001 | 201805 | ||
| 010 | _a972-42-0931-8 | ||
| 021 | _b79670/94 | ||
| 090 | _a201805 | ||
| 100 | _a20260416d u||y0pory50 ba | ||
| 200 |
_aUma volta pela cidade _fMary Higgins Clark _gtradução de Luís Dionisio |
||
| 210 |
_aLisboa _cCirculo de Leitores _d1994 |
||
| 215 |
_a268,[1] p. _cencadernado _d20 cm |
||
| 606 |
_916 _aLiteratura Americana |
||
| 675 |
_a821.111(73)-3 _vPT _zpor |
||
| 700 |
_9446 _aClark _bMary Higgins _f1927-2020 |
||
| 801 |
_aPT _bBMMN _gRPC |
||
| 830 |
_cFernando _fFernando |
||
| 990 | _cLIVROS | ||